Kardinalsnominierungen durch das Haus Habsburg im 17. Jahrhundert

Titel: Kardinalsnominierungen durch das Haus Habsburg im 17. Jahrhundert / Péter Tusor
Verfasser:
In: Römische historische Mitteilungen, Band 55 (2013 [2014]), Seite 271-322
alle Artikel anzeigen
Veröffentlicht: 2014
Format: Aufsatz
Sprache: Deutsch
Schlagworte:
Kein Bild verfügbar
X
alg: 47312718
001A    $03025:01-12-20 
001B    $03025:02-12-20 $t10:25:23.000 
001D    $03025:01-12-20 
001U    $0utf8 
001X    $00 
002@    $0Aou 
002C    $aText $btxt $2rdacontent 
002D    $aohne Hilfsmittel zu benutzen $bn $2rdamedia 
002E    $aBand $bnc $2rdacarrier 
003@    $0473127180 
007A    $0473127180 $aHEB 
010@    $ager 
010E    $erda 
011@    $a2013 $n2014 
021A    $aKardinalsnominierungen durch das Haus Habsburg im 17. Jahrhundert $hPéter Tusor 
028A    $BVerfasser $4aut $71122865686 $8Tusor, Péter$Z1967- [Tp3] $9397649126 
031A    $d55 $h271-322 $j2013 [2014] 
037A    $aIm Anhang: 2 Briefe von Ferdinand II. an den römischen Botschafter Paolo Savelli  sowie an Papst Paul V. aus dem Jahr 1620, Seiten 319-322 
039B    $aEnthalten in $8--Abvc--. Römische historische Mitteilungen . - Wien : Verl. d. Österreichischen Akad. d. Wissenschaften, 1958-. - ISSN 0080-3790 $x201300000550000729 $9047289082 
044K    $RLothringen $#Habsburger  $#Habsburg  $#Habsburg  $#Haus Österreich $#Casa de Austria $#domus Austriae $#Maison d’Autriche $#Casa d’Austria $#Haus Habsburg $#Haus Habsburg-Lothringen $#Casa d'Asburgo $#Casa de Habsburgo $#House of Habsburg $#Maison de Habsbourg $#Maison d'Autriche $#Habsburkové $#Habsburg-ház $#Хабзбурзи $#Габсбурги $#Династія Габсбургів $#Хабсбурги $#Οίκος των Αψβούργων $7118544233 $8$PHabsburger$lDynastie : 1200- [Tp1] $908688526X 
044K    $RRelation $#Wechselbeziehung $#Beziehungen $74145198-3 $8Beziehung [Ts1] $9085577189 
044K    $RKirchenoberhaupt $RGegenpapst $#Papacy $#Popes $#Papauté $#Papes $#Papi $#Papato $#Papas $#Papst $#Bischof von Rom $#Päpste $#Papsttum $#Papa $74044561-6 $8Papst [Ts1] $9085125121 
044K    $#Cardinals $#Cardinaux (religion) $#Cardenales $#Kardinäle $#Kardinalat $74163313-1 $8Kardinal [Ts1] $9085724084 
045F    $a200.943709032 $eDDC23BSB 
045F/01 $a200.9 
045F/03 $f09032 
045F/03 $g437 
045F/03 $g436 
045G    $a909 $eDDC23BSB 
045G/01 $a909 
045G/03 $f09032 
045G/03 $g437 
045G/03 $g436 
045R    $aGeschichte 1607-1690 
045T    $a1 $a8 

lok: 47312718 78

exp: 47312718 78 1 #EPN
201B/01 $001-12-20 $t15:57:22.000 
201C/01 $001-12-20 
201U/01 $0utf8 
203@/01 $01131578805 
204P/01 $010.1553/rhm55s271 
208@/01 $a01-12-20 $be 
209A/01 $a/ $f000 $x00 
209A/01 $ab*p $x01 
220C/01 $apgar 
244Z/01 $#Böhmische Kronländer $#Länder der Böhmischen Krone $#Sudetenland $#Böhmen $#Mähren $#Mährisch-Schlesien $#Österreichisch-Schlesien $#Tschechische Sozialistische Republik Böhmische Länder $#Tschechei Böhmische Länder $#Země koruny české $74069573-6 $8--Tg1--Böhmische Länder $x01 $9085195553 
244Z/01 $#Ungarn $#Ungarn $#Ungarische Räterepublik $#Königreich Ungarn $#Die @Länder der ungarischen Krone $#Transleithanien $#Magyarország $#Magyar Köztársaság $#Magyar Tanácsköztársaság $#Government of the Hungarian Republic $#Zemalja Ugarske Krune $#VNR $#Ungern $#Ungarische Republik $#Republik Ungarn $#Ungarische Volksrepublik $#Volksrepublik Ungarn $#Magyar Népköztársaság $#Hungary $#Hungarian Republic $#Hongrie $#Vengerskaja Narodnaja Respublika $#Hungarian People's Republic $#HPR Hungarian People's Republic $#République Populaire Hongroise $#Ungarische VR $#Republic of Hungary $#Vengrija $74078541-5 $8--Tgz--Ungarn $x02 $9085222712 
247C/01 $82080>Marburg/Lahn, Herder-Institut, Forschungsbibliothek, Bibliographieportal $9336309341
LEADER 00000caa a2200000 c 4500
001 473127180
003 DE-603
005 20201202102523.0
007 tu
008 201201s2013 xx |||| | u00||u|ger c
035 |a (DE-599)HEB473127180 
040 |a DE-603  |b ger  |c DE-603  |d DE-603  |e rda 
041 |a ger 
082 0 4 |8 1\u  |a 200.943709032  |q DE-101  |2 23/BSB 
083 0 |8 2\u  |a 909  |q DE-101  |2 23/BSB 
084 |a 1  |a 8  |2 ssgn 
085 |8 1\u  |b 200.9 
085 |8 1\u  |z 1  |s 09032 
085 |8 1\u  |z 2  |s 437 
085 |8 1\u  |z 2  |s 436 
085 |8 2\u  |b 909 
085 |8 2\u  |z 1  |s 09032 
085 |8 2\u  |z 2  |s 437 
085 |8 2\u  |z 2  |s 436 
100 1 |a Tusor, Péter  |d 1967-  |e Verfasser  |4 aut  |0 (DE-603)397649126  |0 (DE-588)1122865686  |2 gnd 
245 0 0 |a Kardinalsnominierungen durch das Haus Habsburg im 17. Jahrhundert  |c Péter Tusor 
264 0 |c 2014 
336 |a Text  |b txt  |2 rdacontent 
337 |a ohne Hilfsmittel zu benutzen  |b n  |2 rdamedia 
338 |a Band  |b nc  |2 rdacarrier 
500 |a Im Anhang: 2 Briefe von Ferdinand II. an den römischen Botschafter Paolo Savelli sowie an Papst Paul V. aus dem Jahr 1620, Seiten 319-322 
600 3 7 |a Habsburger  |c Dynastie : 1200-  |0 (DE-588)118544233  |0 (DE-603)08688526X  |2 gnd 
648 7 |a Geschichte 1607-1690  |2 gnd 
650 7 |a Beziehung  |0 (DE-588)4145198-3  |0 (DE-603)085577189  |2 gnd 
650 7 |a Papst  |0 (DE-588)4044561-6  |0 (DE-603)085125121  |2 gnd 
650 7 |a Kardinal  |0 (DE-588)4163313-1  |0 (DE-603)085724084  |2 gnd 
773 0 8 |i Enthalten in  |t Römische historische Mitteilungen   |d Wien : Verl. d. Österreichischen Akad. d. Wissenschaften, 1958-  |x 0080-3790  |g Band 55 (2013 [2014]), Seite 271-322  |w (DE-603)047289082  |w (DE-600)206126-0 
924 0 |9 2080  |a (DE-603)1131578805  |b DE-2080  |c HES  |d d  |g /